La vida es sueño / (Registro nro. 1948)

000 -CABECERA
campo de control de longitud fija 01897nam a2200313 a 4500
001 - NÚMERO DE CONTROL
campo de control 000034236
005 - FECHA Y HORA DE LA ÚLTIMA TRANSACCIÓN
campo de control 20200120222224.0
008 - DATOS DE LONGITUD FIJA--INFORMACIÓN GENERAL
campo de control de longitud fija 080724s2006 sp er 001 d spa d
020 ## - NÚMERO INTERNACIONAL ESTÁNDAR DEL LIBRO
Número Internacional Estándar del Libro 8437600928
043 ## - CÓDIGO DE ÁREA GEOGRÁFICA
Código de área geográfica e-sp---
090 ## - LOCALMENTE ASIGNADO TIPO-LC NÚMERO DE CLASIFICACIÓN (OCLC); NÚMERO DE CLASIFICACIÓN LOCAL (RLIN)
Número de clasificación (OCLC) (R) ; Numero de clasificación, CALL (RLIN) (NR) AT
Número cutter local (OCLC) ; Número de libro/Signatura topográfica íntegra, CALL (RLIN) CAL 2006
100 0# - ENTRADA PRINCIPAL--NOMBRE DE PERSONA
Nombre de persona Calderón de la Barca, Pedro,
Fechas asociadas al nombre 1600-1681.
245 13 - MENCIÓN DE TÍTULO
Título La vida es sueño /
Mención de responsabilidad, etc. Pedro Calderón de la Barca ; edición de Ciriaco Morón ; ilustración de cubierta : Manuel Cerezales.
250 ## - MENCIÓN DE EDICIÓN
Mención de edición 30a. ed.
260 ## - PUBLICACIÓN, DISTRIBUCIÓN, ETC.
Lugar de publicación, distribución, etc. Barcelona (España) :
Nombre del editor, distribuidor, etc. Cátedra,
Fecha de publicación, distribución, etc. 2006.
300 ## - DESCRIPCIÓN FÍSICA
Extensión 207 p.
490 #0 - MENCIÓN DE SERIE
Mención de serie Letras hispánicas
Designación de volumen o secuencia 85
500 ## - NOTA GENERAL
Nota general Incluye índice.
504 ## - NOTA DE BIBLIOGRAFÍA, ETC.
Nota de bibliografía, etc. Incluye bibliografía.
500 ## - NOTA GENERAL
Nota general Ejs. 1 y 2 de Biblioteca Colegio Chicalá : Plan Lector 2008. ;
-- Ejs. 1 y 2 de Biblioteca Colegio Ciudadela : Plan Lector, 2009. ;
-- Ejs. 1 y 2 de Biblioteca Icef : Plan Lector, 2009. ;
-- Ejs. 3 y 4 de Biblioteca Colegio Ciudadela : Plan Lector, 2011. ;
-- Ej. 1 y 2 de Biblioparque Funza : 31a. ed. de 2008 con ISBN : 9788437600925.
520 3# - SUMARIO, ETC.
Sumario, etc. "He aquí la creación más lograda y de carácter más universal de Calderón. «La vida es sueño» es, en síntesis, la plasmación barroca de la idea de la fugacidad de la vida con todos los aditamentos geniales de construcción, caracteres y estilo que el autor supo imprimirle. Con este pesimismo radical sobre el valor de la vida humana se interfiere el libre albedrío como afirmación personal de Segismundo -"¿y teniendo yo más vida / tengo menos libertad?"-. Estos dos principios combinados crean una riqueza enorme de sentidos, que en esta edición son desmenuzados críticamente por Ciriaco Morón Arroyo."
650 14 - PUNTO DE ACCESO ADICIONAL DE MATERIA--TÉRMINO DE MATERIA
Término de materia o nombre geográfico como elemento de entrada Teatro adulto.
650 24 - PUNTO DE ACCESO ADICIONAL DE MATERIA--TÉRMINO DE MATERIA
Término de materia o nombre geográfico como elemento de entrada Literatura adulto.
650 24 - PUNTO DE ACCESO ADICIONAL DE MATERIA--TÉRMINO DE MATERIA
Término de materia o nombre geográfico como elemento de entrada Literatura española.
650 24 - PUNTO DE ACCESO ADICIONAL DE MATERIA--TÉRMINO DE MATERIA
Término de materia o nombre geográfico como elemento de entrada Amor en la literatura.
650 24 - PUNTO DE ACCESO ADICIONAL DE MATERIA--TÉRMINO DE MATERIA
Término de materia o nombre geográfico como elemento de entrada Muerte en la literatura.
700 1# - PUNTO DE ACCESO ADICIONAL--NOMBRE DE PERSONA
Nombre de persona Morón, Ciriaco,
Término indicativo de función/relación ed.
700 1# - PUNTO DE ACCESO ADICIONAL--NOMBRE DE PERSONA
Nombre de persona Cerezales, Manuel,
Término indicativo de función/relación il.
Existencias
Estado de retiro Estado de pérdida Fuente del sistema de clasificación o colocación Estado dañado No para préstamo Código de colección Localización permanente Ubicación/localización actual Fecha de adquisición Número de inventario Total de préstamos Signatura topográfica completa Código de barras Fecha visto por última vez Fecha del último préstamo Número de copia Precio válido a partir de Tipo de ítem Koha Nota pública Fuente de adquisición
          Literatura Adulto Biblioteca Pública San Juan Bosco Biblioteca Pública San Juan Bosco 20/01/2020 99717 2 AT CAL 2006 MOS003302 12/04/2025 31/03/2025 ej.1 20/01/2020 Libro Literatura Quince días  
          Literatura Adulto Biblioteca Pública San Juan Bosco Biblioteca Pública San Juan Bosco 20/01/2020 99718   AT CAL 2006 MOS003314 05/01/2021   ej.2 20/01/2020 Libro Literatura Quince días  
          Literatura Adulto Biblioteca Pública San Juan Bosco Biblioteca Pública San Juan Bosco 18/11/2020 99719 1 AT CAL 2006 MOS012760 22/07/2024 16/07/2024 ej.3 18/11/2020 Libro Literatura Quince días  
          Literatura Adulto Biblioteca Pública San Juan Bosco Biblioteca Pública San Juan Bosco 07/06/2022     AT CAL MOS502352 07/06/2022   ej.4 18/11/2020 Libro Literatura Quince días COMPRA 2022

© Todos los derechos reservados para la Biblioteca Pública Municipal San Juan Bosco, 2020
Secretaria de Cultura de Mosquera
Carrera 3 N° 10 Esquina Centro Cultural Barrio El Carmén Teléfono: 8270830 Ext: 34
Funcionando con KOHA
Contacto: Biblioteca Pública Municipal San Juan Bosco/ bibliotecasanjuanbosco@mosquera-cundinamarca.gov.co
Mosquera, Cundinamarca